|
|
|
|
| LEADER |
00000cam a2200000 7i4500 |
| 001 |
0000015270 |
| 005 |
20220707.0 |
| 020 |
|
|
|a 9837204486
|
| 040 |
|
|
|a INS
|
| 090 |
0 |
0 |
|a BF385
|b L67 2001
|
| 100 |
1 |
|
|a Lorayne, Hary
|
| 245 |
1 |
0 |
|a Cara membina daya ingatan yang tajam :
|b sistem membina daya ingatan cepat dan mudah
|c Hary Lorayne
|
| 260 |
|
|
|a Petaling Jaya :
|b Golden Books Centre ,
|c 2001
|
| 300 |
|
|
|a xi, 223p. ;
|c 21cm.
|
| 650 |
|
0 |
|a Memory
|
| 650 |
|
0 |
|a Mental discipline
|
| 650 |
|
0 |
|a Mnemonics
|
| 999 |
|
|
|a 0000008438
|b BOOK
|c Open Shelf
|e Default branch
|
| 999 |
|
|
|a 0000015027
|b BOOK
|c Open Shelf
|e Default branch
|